Responses for Show #9080 - Friday, April 12, 2024

Alison Betts game 2.

Contestants

[<< previous game]

Brian Phillips, an IT technician originally from Spring Valley, New York

Sarah Avery, an assistant reporter of judicial decisions from Ellington, Connecticut

Alison Betts, a writer and creative executive originally from San Jose, California (whose 1-day cash winnings total $28,600)

[next game >>]

Jeopardy! Round responses

STOCK PHOTOS, KINDA
WE'VE GOT TODAY'S HITS
NEW YORK GOVERNORS
FADS
KIDDY LIT
THAT'S SO CRINGE
    $200 15
(Ken: Right, that was a fun category.)
[Sarah chuckles.]

Texas Instruments

Sarah
    $200 6
standing room only

Sarah
    $200 16
mayor of New York

Sarah
    $200 22
tie-dye

Alison
    $200 7
a mermaid

Sarah
    $200 27
awkward

Alison
    $400 14
General Motors

Sarah
    $400 21
(Alison: What is "Lover"?)
...
(Alison: My daughter's gonna kill me.)
(Ken: "Dominated the fall", but it's [*].)
(Alison: Oh.)

"Cruel Summer"

Alison
Triple Stumper
    $400 17
(John) Jay

Alison
    $400 24
streaking

Sarah
    $400 5
Where's Waldo?

Brian!
    $400 20
(a) ticklish (situation)

Triple Stumper
    $600 11
Johnson & Johnson

Alison
    $600 28
The Beatles

Alison
    $600 18
(Sarah: Who is Roosevelt?)

DeWitt Clinton

Sarah
Triple Stumper
    $600 23
a Pet Rock

Alison
    $600 4
The Little Engine That Could

Sarah
    $600 8
mortify

Alison
    $800 12
Dollar Tree

Sarah
    $800 29
(Alison: Bring it.)

Doja Cat

Alison
    $800 25
Long Island Sound

Sarah
    $800 19
a fidget spinner

Brian!
    $1,000 1
(Alison: I'll wager house money, please, $1,000.)

The Velveteen Rabbit

Alison
    $800 9
to faze

Triple Stumper
    $1000 13
Home Depot

Triple Stumper
    $1000 30
Jack Harlow

Triple Stumper
    $1000 26
Samuel Tilden

Triple Stumper
    $1000 2
ALS

Sarah
    $1000 3
(Brian: What is--who is Dora the Explorer?)

Pippi Longstocking

SarahBrian!
    $1000 10
ill at ease

Triple Stumper

Scores at the first commercial break (after clue 15):

Alison Sarah Brian!
$2,200 $4,400 -$600

Scores at the end of the Jeopardy! Round:

Alison Sarah Brian!
$4,600 $5,200 $200

Double Jeopardy! Round responses

AMERICAN BIRDS
FAKE MOVIES IN MOVIES
THE BLACK ARTS MOVEMENT
WHERE'D YOU "GO"?
(Ken: Responses will end with those two letters, "G-O".)
DROP IN...
ANYTIME
    $400 17
a duck

Sarah
    $400 15
Home Alone

Alison
    $400 27
(Alison: Who is Rogers?)

Malcolm X

AlisonSarah
    $400 13
San Diego

Brian!
    $400 29
(Alison: What are insect and [*]?)
...
(Alison: Bring it, please.)

sect

Alison
    $400 30
sleepers (sleeper agents)

Alison
    $800 18
jay

Triple Stumper
    $800 1
Arnold Schwarzenegger

Brian!
    $800 28
Coltrane

Sarah
    $800 12
Fargo

Sarah
    $800 19
(Alison: What are [*] and indeed?)

a deed

Alison
    $800 5
Wanna get away?

Alison
    $1200 22
(Alison: What is finch?)
[ERRATUM: Due to use of a mislabeled stock photo, the bird shown in the displayed picture was a peregrine falcon.]

hawk

AlisonSarah
    $1200 2
Singin' in the Rain

Alison
    $1200 11
Maya Angelou

Sarah
    $1200 3
Key Largo

Alison
    $2,000 7
(Alison: Now's the time for $2,000, Ken.)
...
(Alison: What is inhale and [*]?)

hale

Alison
    $1200 6
whenever

Alison
    $1600 23
candlestick

Alison
    $1600 16
The Player

Brian!
    $1600 14
(Marcus) Garvey

Brian!
    $7,000 4
(Alison: I've always had nightmares about doing this, Ken, uh True Daily Double, please.)
(Ken: Oh, that's a big change from yesterday.)

Durango

Alison
    $1600 8
(Sarah: What is impecunious?)
...
(Ken: Drop the "in" from "insolvent" to get a [*].)

solvent

Sarah
Triple Stumper
    $1600 20
permafrost

Alison
    $2000 24
the Philadelphia vireo

Triple Stumper
    $2000 26
Grindhouse

Brian!
    $2000 25
Nikki Giovanni

Triple Stumper
    $2000 10
Sligo

Triple Stumper
    $2000 9
(Alison: What is [*] and injunction?)

junction

Alison
    $2000 21
at-will

Alison

Scores at the end of the Double Jeopardy! Round:

Alison Sarah Brian!
$25,600 $8,400 $6,600
(lock game)

[wagering suggestions for these scores]

Final Jeopardy! Round responses

AUTHORS' AFTERLIVES
(Ken: [To Brian] Science fiction classics like that one.)
Brian!Who is Jules Verne?
$1,801
SarahWho is Proust?
$4,801
AlisonWho is Verne?
$7,500
Jules Verne

Final scores:

Alison Sarah Brian!
$33,100 $3,599 $8,401
2-day champion: $61,700 3rd place: $2,000 2nd place: $3,000

Game dynamics:

Coryat scores:

Alison Sarah Brian!
$19,200 $8,400 $6,600
23 R
(including 3 DDs),
3 W
17 R,
2 W
7 R,
1 W

Combined Coryat: $34,200

[game clues] [game scores] [suggest correction]

Game tape date: 2024-03-12
The J! Archive is created by fans, for fans. Scraping, republication, monetization, and malicious use prohibited; this site may use cookies and collect identifying information. See terms. The Jeopardy! game show and all elements thereof, including but not limited to copyright and trademark thereto, are the property of Jeopardy Productions, Inc. and are protected under law. This website is not affiliated with, sponsored by, or operated by Jeopardy Productions, Inc. Join the discussion at JBoard.tv.